Manual para la planeación y acreditación universitaria
Պահպանված է:
| Հիմնական հեղինակ: | |
|---|---|
| Ձևաչափ: | Գիրք |
| Լեզու: | իսպաներեն |
| Հրապարակվել է: |
Lima
W. H. Editores
1994
|
| Խորագրեր: | |
| Ցուցիչներ: |
Ավելացրեք ցուցիչ
Չկան պիտակներ, Եղեք առաջինը, ով նշում է այս գրառումը!
|
MARC
| LEADER | 00000nam a2200000 a 4500 | ||
|---|---|---|---|
| 001 | UCS8057 | ||
| 003 | CL-VaPUC | ||
| 008 | 971028e19940000PE |||||||||||||||||spa|d | ||
| 082 | 0 | 4 | |a 378.107 |b MES |2 21 |
| 100 | |a Mescua Bonifacio, Heraclio |e autor |9 557378 | ||
| 245 | 1 | 0 | |a Manual para la planeación y acreditación universitaria |
| 300 | |a 118 p | ||
| 942 | |c BK | ||
| 945 | |d 19971028 00:00:00 |a rbrito | ||
| 260 | |a Lima |b W. H. Editores |c 1994 | ||
| 650 | 0 | |a Educación superior |9 223851 | |
| 650 | 0 | |a Gestión educacional |9 261035 | |
| 583 | |a last modification |c 20160929 09:25:35 |k Rodrigo Vera | ||
| 999 | |c 345018 |d 345016 | ||
| 952 | |0 0 |1 0 |4 0 |6 378_107000000000000_MES_1994 |7 0 |8 ED_SUP |9 443408 |a BIBGIM |b BIBGIM |c S_PSTGRDO |d 2019-11-22 |i 3196976 |o 378.107 MES 1994 |p 3196976 |r 2025-01-15 |w 2019-11-22 |y BK_X |k ESU | ||